000 01158nam a2200289 c 4500
003 BLK
005 20220611094545.0
008 180409b bul|||||r ||||||| ||bul||
010 _aKNG00149754000
040 _aBLK
041 _aBUL
_cBUL
080 _aБългарска литература
_b821.163.2
_x-93-34
_z821.163.2-93-34
100 1 _aЧакъров, Стоян Иванов
_eпърви автор
_9257505
700 1 _aАндреев, Боян Андонов
_eхудож.
_9328034
139 _aЧакъров, Стоян Иванов
_bЧ 19
245 1 0 _aПриказка за златните ръце
_bЗа нач. училищна възраст
_cСтоян Иванов Чакъров; худож. Боян Андонов Андреев.
257 _aBGR
260 София
_bБълг. художник
_c1981
300 _a16 с.
_bс ил.
_c32 см
380 _aDX
500 _a35 000 тир.
852 _aЦб ІІ 18828
856 4 _qpdf
_u
856 4 _qpdf
_u
942 _cKNG
_n0
_01
944 _aCR
_c21.08.2013
_l21.08.2013 - от С1,Р / 21.08.2013
_kСерджан_Ахмедов
944 _aED
_c21.08.2013
_l21.08.2013 - от С1,Р / 21.08.2013
_k
999 _c143620
_d143620